[Event "4NCL/Div3/NOTT1 vs. WWKS2"]
[Site "Hinckley Island ENG"]
[Date "2010.02.21"]
[Round "6.3"]
[White "Coates, David H"]
[Black "Stepanyan, Henrik"]
[Result "1-0"]
[WhiteElo "2069"]
[BlackElo "2002"]
[PlyCount "59"]
[EventDate "2010.02.21"]
[SourceDate "2009.10.24"]

1. e4 c5 2. Nf3 Nc6 3. d4 cxd4 4. Nxd4 d6 5. c4 Nf6 6. Nc3 g6 7. Be2 Bg7 8. Be3
Bd7 9. O-O O-O 10. Qd2 Ng4 11. Bxg4 Bxg4 12. f3 Bd7 13. Rfd1 Rc8 14. b3 a6 15.
Rac1 f5 16. exf5 Bxf5 17. Nd5 Rf7 18. Re1 Ne5 19. Nxf5 Rxf5 20. Kh1 Qf8 21. Bg5
Bf6 22. Nxf6+ exf6 23. Be3 Rh5 24. Rcd1 Rd8 25. Qf2 f5 26. Bb6 Re8 27. Qd2 Re6
28. Qd5 Qf7 29. f4 Ng4 30. Qxe6 1-0

[Event "4NCL/Div3/NOTT1 vs. WWKS2"]
[Site "Hinckley Island ENG"]
[Date "2010.02.21"]
[Round "6.5"]
[White "Truman, Richard G"]
[Black "Goodwin, Ed H"]
[Result "1-0"]
[WhiteElo "2015"]
[BlackElo "1898"]
[PlyCount "149"]
[EventDate "2010.02.21"]
[SourceDate "2009.10.24"]

1. e4 e6 2. d4 d5 3. Nd2 c5 4. Ngf3 cxd4 5. exd5 exd5 6. Nxd4 Bd6 7. N2b3 Nc6
8. Bd3 Nf6 9. Bg5 Qe7+ 10. Qe2 Qxe2+ 11. Bxe2 Ne4 12. Be3 O-O 13. O-O-O h6 14.
Nb5 Bb8 15. Rxd5 a6 16. Nc3 Nxc3 17. bxc3 Be6 18. Rd2 Ne5 19. Na5 Bc7 20. Nb3
Nc4 21. Bxc4 Bxc4 22. Rd7 Rac8 23. Rhd1 Rfe8 24. g3 Be6 25. R7d2 Be5 26. Bd4
Bb8 27. Kb1 Bg4 28. Rf1 Bf3 29. Nc1 Bc7 30. Nd3 Ba5 31. Kb2 Rcd8 32. Ne1 Bd5
33. f4 Bc4 34. Rg1 Rd5 35. Nf3 Red8 36. Rb1 Rb5+ 37. Kc1 Rxb1+ 38. Kxb1 Be6 39.
Kb2 b5 40. a3 Kh7 41. Ne5 Rc8 42. Rf2 f6 43. Nd3 Bg4 44. Nc5 Rc6 45. Rf1 Bc7
46. Re1 Kg6 47. Re8 Bb6 48. Ne4 h5 49. Ra8 Bc7 50. Ra7 a5 51. Rb7 Be2 52. Nc5
Bc4 53. Ne4 Kf5 54. Nd2 Be2 55. Ba7 h4 56. Bb8 Bxb8 57. Rxb8 hxg3 58. hxg3 Kg4
59. Nb3 Ra6 60. Nd4 Bc4 61. f5 Kxg3 62. Rb7 Kf4 63. Rxg7 Ke5 64. Rb7 Kf4 65.
Kc1 Ra8 66. Rb6 Rf8 67. Nxb5 Bxb5 68. Rxb5 Rc8 69. Rxa5 Rxc3 70. Kb2 Re3 71. a4
Re4 72. Kb3 Re3+ 73. Kb4 Re4+ 74. c4 Re1 75. Rb5 1-0

[Event "4NCL/Div3/KJCAK vs. 3CS"]
[Site "Hinckley Island ENG"]
[Date "2010.02.21"]
[Round "6.1"]
[White "Jones, William EG"]
[Black "Ashton, Adam G"]
[Result "0-1"]
[WhiteElo "2089"]
[BlackElo "2316"]
[PlyCount "46"]
[EventDate "2010.02.21"]
[SourceDate "2009.10.24"]

1. e4 e5 2. Nf3 Nc6 3. Bb5 a6 4. Ba4 Nf6 5. O-O Nxe4 6. Re1 Nc5 7. Nc3 Be7 8.
Nd5 O-O 9. Bxc6 dxc6 10. Nxe7+ Qxe7 11. d4 Ne6 12. dxe5 c5 13. c3 b6 14. Qd5
Rb8 15. Qe4 Bb7 16. Qg4 Rbe8 17. Nh4 Kh8 18. Nf5 Qd7 19. Bg5 f6 20. Rad1 Qf7
21. exf6 gxf6 22. Bh4 Rg8 23. Qa4 b5 0-1

[Event "4NCL/Div3/KJCAK vs. 3CS"]
[Site "Hinckley Island ENG"]
[Date "2010.02.21"]
[Round "6.2"]
[White "Longson, Alexander"]
[Black "Jones, Victor GL"]
[Result "1-0"]
[WhiteElo "2249"]
[BlackElo "2073"]
[PlyCount "83"]
[EventDate "2010.02.21"]
[SourceDate "2009.10.24"]

1. e4 e6 2. d4 d5 3. Nc3 Bb4 4. e5 c5 5. a3 Bxc3+ 6. bxc3 Ne7 7. Qg4 Qc7 8.
Qxg7 Rg8 9. Qxh7 cxd4 10. Ne2 Nbc6 11. f4 Bd7 12. Qd3 dxc3 13. Qxc3 Nf5 14. Rb1
d4 15. Qd3 O-O-O 16. Rg1 Na5 17. g4 Ba4 18. gxf5 Bxc2 19. Qb5 Rxg1 20. Nxg1
Bxb1 21. Bd2 Bxf5 22. Qxa5 Qc6 23. Qxa7 Be4 24. Qa5 Rd5 25. Qa8+ Kd7 26. Ne2 d3
27. Nc3 Rc5 28. Qa7 Ke7 29. Nd1 Rc2 30. Qd4 Bf5 31. Ne3 Rc1+ 32. Bxc1 Qxc1+ 33.
Nd1 Qc2 34. Qd6+ Ke8 35. Qb8+ Ke7 36. Qd6+ Ke8 37. Qb8+ Ke7 38. Qxb7+ Kf8 39.
Qb4+ Kg7 40. Qd2 Qb3 41. Nb2 Qd5 42. Qg2+ 1-0

[Event "4NCL/Div3/KJCAK vs. 3CS"]
[Site "Hinckley Island ENG"]
[Date "2010.02.21"]
[Round "6.3"]
[White "Lunn, Matthew"]
[Black "James, Dale R"]
[Result "0-1"]
[WhiteElo "1905"]
[BlackElo "2171"]
[PlyCount "82"]
[EventDate "2010.02.21"]
[SourceDate "2009.10.24"]

1. d4 Nf6 2. c4 g6 3. Nc3 d5 4. cxd5 Nxd5 5. e4 Nxc3 6. bxc3 c5 7. Nf3 Bg7 8.
Rb1 cxd4 9. cxd4 O-O 10. Be2 Nc6 11. d5 Ne5 12. Nxe5 Bxe5 13. O-O Qa5 14. a4
Rd8 15. Ba3 Qc7 16. Qb3 Bxh2+ 17. Kh1 Bf4 18. g3 Bh6 19. Kg2 b6 20. Rh1 Bg7 21.
Rbc1 Qe5 22. f4 Qxe4+ 23. Bf3 Qf5 24. Bxe7 Re8 25. d6 Bd7 26. Bxa8 Rxa8 27. Qf3
Rb8 28. Rc7 h5 29. Rhc1 Qh3+ 30. Kf2 Bd4+ 31. Ke1 Bg4 32. Qe4 Qxg3+ 33. Kd2
Qf2+ 34. Kd3 Bf5 35. Rc8+ Rxc8 36. Rxc8+ Kh7 37. Qxf5 gxf5 38. d7 Qe3+ 39. Kc2
Qe2+ 40. Kc1 Be3+ 41. Kb1 Qd1+ 0-1

[Event "4NCL/Div3/KJCAK vs. 3CS"]
[Site "Hinckley Island ENG"]
[Date "2010.02.21"]
[Round "6.4"]
[White "Jaunooby, Ali Reza"]
[Black "Bayliss, Lyall CP"]
[Result "1-0"]
[WhiteElo "2171"]
[BlackElo "1960"]
[PlyCount "157"]
[EventDate "2010.02.21"]
[SourceDate "2009.10.24"]

1. d4 Nf6 2. c4 g6 3. g3 Bg7 4. Bg2 O-O 5. Nc3 d6 6. e3 c5 7. Nge2 Nc6 8. h3 a6
9. b3 Rb8 10. O-O Bd7 11. a4 Qc8 12. Kh2 Nb4 13. a5 Qc7 14. Ra3 b5 15. axb6
Rxb6 16. d5 Rfb8 17. e4 Be8 18. f4 Nd7 19. Bb2 R6b7 20. Qd2 Bh6 21. g4 Bg7 22.
g5 h5 23. gxh6 Bxh6 24. Nc1 e5 25. dxe6 fxe6 26. e5 dxe5 27. Bxb7 Rxb7 28. N3e2
exf4 29. Qc3 f3+ 30. Ng3 e5 31. Rxf3 Nc6 32. Rxa6 Nd4 33. Rf2 Bf4 34. Kg1 Bxc1
35. Qxc1 Rxb3 36. Ra3 Rxa3 37. Bxa3 Qb7 38. Qe3 Qb1+ 39. Rf1 Qb3 40. Qxb3 Nxb3
41. Ne4 Bf7 42. Rd1 Be6 43. Rxd7 Bxd7 44. Nf6+ Kf7 45. Nxd7 e4 46. Nxc5 Nd2 47.
Bc1 Nxc4 48. Nxe4 Ke6 49. Kg2 Kf5 50. Ng3+ Ke6 51. Kf3 Ne5+ 52. Ke4 Nf7 53. Kf4
Ne5 54. Kg5 Kf7 55. Bb2 Nf3+ 56. Kf4 Ne1 57. Bc3 Nd3+ 58. Ke3 Nc5 59. Ne4 Ne6
60. h4 Nc7 61. Ng5+ Ke7 62. Ke4 Nb5 63. Be5 Na3 64. Kd3 Kd7 65. Kc3 Nb5+ 66.
Kc4 Na3+ 67. Kd5 Nc2 68. Bc3 Ne3+ 69. Ke4 Nf5 70. Nf3 Ng3+ 71. Ke5 Nh5 72. Bb4
Ke8 73. Nd4 Kf7 74. Nb5 Kg7 75. Bd2 Ng3 76. Nd6 Ne2 77. Ne4 Kf7 78. Be3 Ke7 79.
Kd5 1-0

[Event "4NCL/Div3/KJCAK vs. 3CS"]
[Site "Hinckley Island ENG"]
[Date "2010.02.21"]
[Round "6.5"]
[White "Maguire, Robert"]
[Black "Bentley, John L"]
[Result "1/2-1/2"]
[WhiteElo "1825"]
[BlackElo "2237"]
[PlyCount "82"]
[EventDate "2010.02.21"]
[SourceDate "2009.10.24"]

1. e4 c5 2. Nf3 Nc6 3. d4 cxd4 4. Nxd4 g6 5. c4 Bg7 6. Nc2 Nf6 7. Nc3 O-O 8.
Be2 b6 9. h4 Bb7 10. Be3 Rc8 11. Nd4 Na5 12. Rc1 Nxe4 13. Nxe4 Bxe4 14. b4 Nc6
15. f3 Nxd4 16. Bxd4 e5 17. Bf2 Bb7 18. c5 d5 19. Qa4 bxc5 20. Rxc5 d4 21. O-O
Rxc5 22. bxc5 Qa8 23. Rc1 Bc6 24. Qa3 Rb8 25. Bc4 Qb7 26. Re1 Bf6 27. Bg3 Re8
28. Qb3 Qd7 29. Re2 h5 30. Kf2 Kg7 31. Rb2 Qe7 32. Kf1 Bxh4 33. Bxh4 Qxh4 34.
Bxf7 Qh1+ 35. Kf2 Qh4+ 36. Kf1 Qh1+ 37. Kf2 Qh4+ 38. Kf1 Rf8 39. Bd5 Qh1+ 40.
Kf2 Qh4+ 41. Kf1 Qh1+ 1/2-1/2

[Event "4NCL/Div3/KJCAK vs. 3CS"]
[Site "Hinckley Island ENG"]
[Date "2010.02.21"]
[Round "6.6"]
[White "Clements, Thomas A"]
[Black "Gahir, Jasdeep"]
[Result "1-0"]
[WhiteElo "1962"]
[BlackElo "1844"]
[PlyCount "115"]
[EventDate "2010.02.21"]
[SourceDate "2009.10.24"]

1. e4 c5 2. Nf3 d6 3. c3 Nf6 4. h3 Nc6 5. Bd3 g6 6. Bc2 Bg7 7. O-O O-O 8. d4
cxd4 9. cxd4 Nb4 10. Bb3 Qc7 11. Nc3 b6 12. Bf4 Ba6 13. Qd2 Bxf1 14. Rxf1 Qb7
15. a3 Nc6 16. e5 dxe5 17. dxe5 Rfd8 18. Qe3 Ne8 19. e6 f6 20. Bd5 Nc7 21. Bxc7
Qxc7 22. Nd4 Nxd4 23. Bxa8 Nf5 24. Qf3 Nd4 25. Qb7 Qxb7 26. Bxb7 Nxe6 27. Bd5
Rd6 28. Re1 Kf7 29. Ba2 f5 30. Nb5 Rc6 31. Nxa7 Rd6 32. Nb5 Rc6 33. Rxe6 Rxe6
34. Nc7 Bxb2 35. a4 Be5 36. Nxe6 Kf6 37. f4 Bc3 38. Kf2 h6 39. Ke3 g5 40. Kd3
Bb2 41. fxg5+ hxg5 42. Nc7 Ke5 43. Nd5 Bd4 44. Nxe7 Bc5 45. Nd5 g4 46. hxg4
fxg4 47. Kc4 Ke4 48. Kb5 g3 49. Nxb6 Bd6 50. Bd5+ Kd4 51. a5 Bb8 52. Kc6 Ba7
53. Kb7 Bxb6 54. Kxb6 Kxd5 55. a6 Kd4 56. a7 Ke3 57. a8=Q Kf2 58. Qf3+ 1-0

[Event "4NCL/Div3/RHYE vs. ICENI"]
[Site "Hinckley Island ENG"]
[Date "2010.02.21"]
[Round "6.1"]
[White "Jones, Richard S"]
[Black "Crombleholme, Alan K"]
[Result "1/2-1/2"]
[WhiteElo "2332"]
[BlackElo "2106"]
[PlyCount "98"]
[EventDate "2010.02.21"]
[SourceDate "2009.10.24"]

1. e4 Nc6 2. Nf3 d6 3. d4 Bg4 4. c3 Nf6 5. Bd3 e6 6. O-O Be7 7. Re1 O-O 8. Nbd2
Bh5 9. Nf1 d5 10. exd5 Qxd5 11. Be2 Rfd8 12. Ng3 Bg6 13. Nh4 Qd7 14. Nxg6 hxg6
15. Bf3 Rab8 16. a4 a6 17. a5 Na7 18. b4 Nb5 19. Bb2 Nd6 20. Qb3 Nf5 21. Nxf5
gxf5 22. c4 c6 23. Bc3 g5 24. g3 Ne8 25. Rad1 Nc7 26. Qb2 g4 27. Bg2 Kh7 28.
Qe2 Bf6 29. h3 Rg8 30. hxg4 Rxg4 31. Bf3 Rg7 32. Qc2 Qd6 33. Kg2 Ne8 34. d5
cxd5 35. Bxf6 Nxf6 36. cxd5 Nxd5 37. Bxd5 exd5 38. Qxf5+ Kg8 39. Rxd5 Qxb4 40.
Rde5 Rf8 41. Rh1 Qg4 42. Qf6 Qg6 43. Reh5 Qe4+ 44. Kg1 Qe1+ 45. Kh2 Qe4 46. Rh4
Qe6 47. Kg1 Rxg3+ 48. fxg3 Qxf6 49. Rg4+ Qg6 1/2-1/2

[Event "4NCL/Div3/RHYE vs. ICENI"]
[Site "Hinckley Island ENG"]
[Date "2010.02.21"]
[Round "6.3"]
[White "Spice, Alan P"]
[Black "Calvert, D Ian"]
[Result "1/2-1/2"]
[WhiteElo "2169"]
[BlackElo "2042"]
[PlyCount "76"]
[EventDate "2010.02.21"]
[SourceDate "2009.10.24"]

1. Nc3 d5 2. e4 dxe4 3. Nxe4 Nd7 4. Bc4 e6 5. d4 Ngf6 6. Nxf6+ Nxf6 7. Nf3 Be7
8. O-O O-O 9. Qe2 c5 10. Rd1 Qc7 11. Bg5 b6 12. c3 Bb7 13. Ne5 Nd5 14. Bxe7
Qxe7 15. dxc5 bxc5 16. Ng6 hxg6 17. Bxd5 Bxd5 18. Rxd5 Rfd8 19. Rad1 Rxd5 20.
Rxd5 Rd8 21. Rxd8+ Qxd8 22. b4 cxb4 23. cxb4 Qd4 24. Qe1 e5 25. h3 f5 26. a4 g5
27. b5 e4 28. Qc1 f4 29. Qc8+ Kh7 30. Qf5+ Kg8 31. Qe6+ Kh7 32. a5 e3 33. Qf5+
Kg8 34. Qc8+ Kf7 35. Qc7+ Kg8 36. Qc8+ Kf7 37. Qc7+ Kg8 38. Qc8+ Kf7 1/2-1/2

[Event "4NCL/Div3/RHYE vs. ICENI"]
[Site "Hinckley Island ENG"]
[Date "2010.02.21"]
[Round "6.4"]
[White "Ruthen, Stephen W"]
[Black "Trevelyan, John"]
[Result "1-0"]
[WhiteElo "2093"]
[BlackElo "2160"]
[PlyCount "47"]
[EventDate "2010.02.21"]
[SourceDate "2009.10.24"]

1. c4 e5 2. g3 Nf6 3. Bg2 Bc5 4. e3 d6 5. Ne2 c6 6. O-O Bf5 7. d4 Bb6 8. Nbc3
Qd7 9. b4 Bh3 10. b5 h5 11. dxe5 dxe5 12. Qxd7+ Bxd7 13. Ba3 Be6 14. bxc6 bxc6
15. Nb5 Nfd7 16. Nd6+ Kd8 17. Nc3 a6 18. Nce4 f6 19. Rab1 Ra7 20. Rb2 Rc7 21.
Rd1 a5 22. Rxb6 Nxb6 23. Nf7+ Ke8 24. Ned6+ 1-0

[Event "4NCL/Div3/RHYE vs. ICENI"]
[Site "Hinckley Island ENG"]
[Date "2010.02.21"]
[Round "6.5"]
[White "Smith, Olivia"]
[Black "Savage, Nicholas W"]
[Result "0-1"]
[WhiteElo "2014"]
[BlackElo "1996"]
[PlyCount "82"]
[EventDate "2010.02.21"]
[SourceDate "2009.10.24"]

1. e4 e6 2. d4 d5 3. exd5 exd5 4. Bd3 Nc6 5. c3 Bd6 6. Nf3 Bg4 7. Nbd2 Nge7 8.
O-O Qd7 9. b4 O-O 10. b5 Nd8 11. Qc2 Bf5 12. Re1 Bxd3 13. Qxd3 Qf5 14. Qxf5
Nxf5 15. Bb2 Ne6 16. c4 Bb4 17. Re5 Nd6 18. Rxd5 Nf4 19. Rg5 f6 20. Rg4 Nd3 21.
Rb1 Rfe8 22. Kf1 h5 23. Rg3 Nf5 24. a3 Nxg3+ 25. hxg3 Bxd2 26. Nxd2 Nxb2 27.
Rxb2 Rad8 28. Nb3 Re4 29. a4 Rde8 30. f3 Re3 31. c5 Rd3 32. Kf2 Kf7 33. a5 b6
34. axb6 axb6 35. cxb6 cxb6 36. Nd2 Rxd4 37. Ne4 Re5 38. Rb1 Rdd5 39. Ra1 Kg6
40. Nc3 Rd2+ 41. Kf1 Rc2 0-1

[Event "4NCL/Div3/RHYE vs. ICENI"]
[Site "Hinckley Island ENG"]
[Date "2010.02.21"]
[Round "6.6"]
[White "Szymanski, Mark"]
[Black "Blackburn, Suzy G"]
[Result "0-1"]
[WhiteElo "1890"]
[BlackElo "1912"]
[PlyCount "86"]
[EventDate "2010.02.21"]
[SourceDate "2009.10.24"]

1. d4 e6 2. Nf3 Nf6 3. e3 Be7 4. Bd3 b6 5. b3 Bb7 6. Nbd2 c5 7. Bb2 O-O 8. Qe2
d6 9. O-O Nc6 10. a3 cxd4 11. exd4 Qc7 12. c4 d5 13. Rac1 Qf4 14. Rfe1 Bd6 15.
g3 Qh6 16. Ne5 Ne7 17. c5 bxc5 18. dxc5 Bxe5 19. Bxe5 Nc6 20. Bf4 Qh3 21. Qf1
Qxf1+ 22. Bxf1 a5 23. Rb1 Nd4 24. Rec1 Rfc8 25. b4 Nd7 26. Nb3 Nf3+ 27. Kg2 d4
28. c6 Rxc6 29. Nxa5 Rxc1 30. Rxc1 Be4 31. Bd6 Nde5 32. Bxe5 Nxe5+ 33. Kh3 g5
34. Be2 d3 35. Bd1 d2 36. Rc3 Rd8 37. Nb3 Nd3 38. Rxd3 Rxd3 39. Nc5 Bf5+ 40.
Kg2 Rxa3 41. Nb3 Ra2 42. Kf1 Bd3+ 43. Kg2 Bc2 0-1

[Event "4NCL/Div3/BCA vs. WES2"]
[Site "Hinckley Island ENG"]
[Date "2010.02.21"]
[Round "6.1"]
[White "Crouch, Colin S"]
[Black "Jenks, Bruce"]
[Result "1-0"]
[WhiteElo "2342"]
[BlackElo "2127"]
[PlyCount "41"]
[EventDate "2010.02.21"]
[SourceDate "2009.10.24"]

1. d4 Nf6 2. Nf3 g6 3. Bg5 Bg7 4. Nbd2 d5 5. e3 O-O 6. Bd3 b6 7. Qe2 Bb7 8. e4
dxe4 9. Nxe4 Nbd7 10. O-O-O Nxe4 11. Bxe4 Bxe4 12. Qxe4 Nf6 13. Qd3 Qd5 14. c4
Qa5 15. Kb1 c5 16. Rhe1 e6 17. Ne5 Rfc8 18. Qf3 Ne8 19. Qxf7+ Kh8 20. Nxg6+
hxg6 21. Re3 1-0

[Event "4NCL/Div3/BCA vs. WES2"]
[Site "Hinckley Island ENG"]
[Date "2010.02.21"]
[Round "6.2"]
[White "Gregory, Keith DF"]
[Black "Ross, Chris N"]
[Result "1/2-1/2"]
[WhiteElo "2060"]
[BlackElo "2205"]
[PlyCount "65"]
[EventDate "2010.02.21"]
[SourceDate "2009.10.24"]

1. Nf3 c5 2. g3 Nf6 3. Bg2 d5 4. O-O Nc6 5. c4 d4 6. d3 e5 7. Na3 Bd6 8. Nc2
O-O 9. Rb1 a5 10. Na3 Nb4 11. Ra1 Bd7 12. Nd2 Bc6 13. Nb5 Bxg2 14. Kxg2 Be7 15.
a3 Nc6 16. Qc2 Nd7 17. e4 g6 18. f3 f6 19. Rf2 Rf7 20. Nf1 Nf8 21. Bd2 Ne6 22.
Re1 Qd7 23. f4 Ng7 24. Qd1 b6 25. f5 Bf8 26. g4 gxf5 27. exf5 h5 28. h3 hxg4
29. hxg4 e4 30. Rxe4 Ne8 31. Bf4 Nd6 32. Qf3 Nxe4 33. Qxe4 1/2-1/2

[Event "4NCL/Div3/BCA vs. WES2"]
[Site "Hinckley Island ENG"]
[Date "2010.02.21"]
[Round "6.3"]
[White "Gibbs, Peter C"]
[Black "Taylor-Bowd, Philip J"]
[Result "1/2-1/2"]
[WhiteElo "2002"]
[BlackElo "2043"]
[PlyCount "39"]
[EventDate "2010.02.21"]
[SourceDate "2009.10.24"]

1. d4 d6 2. e4 Nf6 3. Nc3 e5 4. Nf3 Nbd7 5. Bc4 Be7 6. O-O O-O 7. dxe5 Nxe5 8.
Nxe5 dxe5 9. Qe2 c6 10. a4 h6 11. Be3 Ng4 12. Rad1 Qc7 13. Bc1 Bc5 14. h3 Nf6
15. Rd3 Qe7 16. Rfd1 Be6 17. Bxe6 Qxe6 18. b3 Qe7 19. Be3 Bxe3 20. Qxe3 1/2-1/2

[Event "4NCL/Div3/BCA vs. WES2"]
[Site "Hinckley Island ENG"]
[Date "2010.02.21"]
[Round "6.4"]
[White "Tunks, Dominic"]
[Black "Armstrong, William G"]
[Result "1-0"]
[WhiteElo "2076"]
[BlackElo "1966"]
[PlyCount "83"]
[EventDate "2010.02.21"]
[SourceDate "2009.10.24"]

1. c4 Nf6 2. Nc3 g6 3. d4 Bg7 4. e4 d6 5. Be2 O-O 6. Bg5 Nbd7 7. Qd2 c5 8. Nf3
cxd4 9. Nxd4 Nc5 10. Bf3 Qa5 11. Rd1 Nd3+ 12. Kf1 Ne5 13. Be2 Nc6 14. Nxc6 bxc6
15. Nd5 Qxd2 16. Nxe7+ Kh8 17. Bxd2 Nxe4 18. Bf3 Be6 19. Bxe4 Bxc4+ 20. Kg1
Rae8 21. Bg5 f6 22. Be3 Rxe7 23. Bxc6 Rc7 24. b3 Rxc6 25. bxc4 a5 26. h4 f5 27.
h5 f4 28. Bd4 g5 29. Bxg7+ Kxg7 30. Rd5 h6 31. Rxa5 Rxc4 32. Kh2 f3 33. g3 Rc2
34. Rf1 g4 35. Ra4 Rf5 36. Rxg4+ Rg5 37. Rxg5+ hxg5 38. g4 Rxa2 39. Kg3 Ra3 40.
Rd1 Ra6 41. Kxf3 Kf7 42. Rd5 1-0

[Event "4NCL/Div3/BCA vs. WES2"]
[Site "Hinckley Island ENG"]
[Date "2010.02.21"]
[Round "6.5"]
[White "Hilton, Steve H"]
[Black "Pleasants, Allan J"]
[Result "1-0"]
[WhiteElo "1891"]
[BlackElo "2079"]
[PlyCount "91"]
[EventDate "2010.02.21"]
[SourceDate "2009.10.24"]

1. d4 Nf6 2. c4 c5 3. d5 b5 4. cxb5 a6 5. bxa6 Bxa6 6. Nc3 d6 7. g3 g6 8. Bg2
Bg7 9. Nf3 Nbd7 10. Rb1 Qa5 11. Bd2 O-O 12. O-O Rfb8 13. Qc2 Nb6 14. b3 Bb7 15.
a4 Nbd7 16. Rfd1 Ba6 17. Be1 Qc7 18. e4 Ne8 19. Bd2 Qb7 20. Re1 Ne5 21. Nxe5
Bxe5 22. Nd1 Qd7 23. Ne3 Nc7 24. h4 Ra7 25. Kh2 Rab7 26. Bh3 Qe8 27. Nc4 Bxc4
28. Qxc4 Na8 29. Qc2 Nc7 30. Bf1 e6 31. Bc4 exd5 32. exd5 Qd8 33. f4 Bd4 34.
Bc3 Qf6 35. Bxd4 Qxd4 36. Re4 Qf6 37. Rbe1 Rb4 38. Qg2 h5 39. Qh3 Qg7 40. f5
Rf8 41. Qf1 Rbb8 42. Qf4 Ne8 43. Re7 gxf5 44. Qxf5 Nf6 45. Kg2 Qg4 46. Qxf6 1-0

[Event "4NCL/Div3/BCA vs. WES2"]
[Site "Hinckley Island ENG"]
[Date "2010.02.21"]
[Round "6.6"]
[White "Aston, Philip M"]
[Black "Ross, David J"]
[Result "1/2-1/2"]
[WhiteElo "1922"]
[BlackElo "1802"]
[PlyCount "59"]
[EventDate "2010.02.21"]
[SourceDate "2009.10.24"]

1. e4 e6 2. d4 d5 3. Nd2 Nf6 4. e5 Nfd7 5. Qg4 c5 6. c3 Nc6 7. Bb5 a6 8. Bxc6
bxc6 9. f4 cxd4 10. cxd4 g6 11. Ne2 Qb6 12. O-O c5 13. Nb3 a5 14. dxc5 Nxc5 15.
Be3 a4 16. Bxc5 Bxc5+ 17. Nxc5 Qxc5+ 18. Kh1 Ba6 19. Rac1 Qb4 20. Rfd1 Bxe2 21.
Qxe2 Qxf4 22. Qb5+ Kf8 23. Qb7 Kg7 24. Rf1 Qxe5 25. Rxf7+ Kh6 26. Rf3 Raf8 27.
Rh3+ Kg5 28. Rg3+ Kh6 29. Rh3+ Kg5 30. Rg3+ 1/2-1/2

[Event "4NCL/Div3/SSC vs. NOTT2"]
[Site "Hinckley Island ENG"]
[Date "2010.02.21"]
[Round "6.2"]
[White "Combie, Alexander"]
[Black "Norton, David"]
[Result "0-1"]
[WhiteElo "1975"]
[BlackElo "2106"]
[PlyCount "90"]
[EventDate "2010.02.21"]
[SourceDate "2009.10.24"]

1. d4 Nf6 2. c4 c5 3. d5 e6 4. Nc3 exd5 5. cxd5 Bd6 6. Nf3 Bc7 7. e4 d6 8. Bd3
O-O 9. h3 Re8 10. O-O a6 11. a4 Nbd7 12. Re1 Nf8 13. Nd2 Rb8 14. f4 Ng6 15. Nf3
Ba5 16. g4 b5 17. axb5 axb5 18. f5 Ne5 19. Nxe5 Rxe5 20. Bf4 c4 21. Bxe5 dxe5
22. Bf1 Bb6+ 23. Kg2 Bd4 24. g5 Ne8 25. h4 Nd6 26. Qf3 b4 27. Nd1 Bd7 28. Rc1
Rc8 29. b3 c3 30. Ne3 Bxe3 31. Rxe3 Ra8 32. f6 Qb6 33. fxg7 Bg4 34. Qg3 Ra2+
35. Kh1 Qd4 36. Bd3 Rd2 37. Bb1 Bd1 38. g6 hxg6 39. h5 c2 40. Qg5 Nxe4 41. Qh6
Bf3+ 42. Rxf3 Ng3+ 43. Rxg3 Qh4+ 44. Kg1 Qxg3+ 45. Kf1 Qf2# 0-1

[Event "4NCL/Div3/SSC vs. NOTT2"]
[Site "Hinckley Island ENG"]
[Date "2010.02.21"]
[Round "6.3"]
[White "Grant, David J"]
[Black "Webster, Richard J"]
[Result "1-0"]
[WhiteElo "2020"]
[BlackElo "1961"]
[PlyCount "87"]
[EventDate "2010.02.21"]
[SourceDate "2009.10.24"]

1. e4 e6 2. d4 d5 3. Nd2 c5 4. Ngf3 cxd4 5. Nxd4 Nf6 6. e5 Nfd7 7. N2f3 Nc6 8.
Bb5 Qc7 9. O-O Be7 10. Qe2 O-O 11. Bf4 Nc5 12. Rfc1 a6 13. Bxc6 bxc6 14. b4 Na4
15. c4 Qb7 16. cxd5 cxd5 17. Nc6 Re8 18. Qc2 Nb6 19. Nxe7+ Rxe7 20. Ng5 f5 21.
exf6 gxf6 22. Nf3 e5 23. Bh6 Be6 24. Nh4 Rc8 25. Qd3 Rc4 26. Nf5 Bxf5 27. Qxf5
Qc6 28. Rxc4 Nxc4 29. a4 Qe6 30. Qd3 f5 31. Bg5 Rg7 32. h4 h6 33. Bxh6 Rg4 34.
Bg5 e4 35. Qe2 Ne5 36. Kf1 Qb6 37. b5 d4 38. a5 Qd6 39. bxa6 d3 40. Qa2+ Nf7
41. Kg1 Qxa6 42. Rb1 f4 43. Rb6 Qc8 44. Rg6+ 1-0

[Event "4NCL/Div3/SSC vs. NOTT2"]
[Site "Hinckley Island ENG"]
[Date "2010.02.21"]
[Round "6.6"]
[White "Hill, Maurice J"]
[Black "Aggarwal, Kumarsambhav"]
[Result "1-0"]
[WhiteElo "1802"]
[BlackElo "1786"]
[PlyCount "107"]
[EventDate "2010.02.21"]
[SourceDate "2009.10.24"]

1. g3 d5 2. Bg2 e6 3. c4 Nf6 4. Nf3 Be7 5. O-O O-O 6. b3 c5 7. Bb2 Nbd7 8. Qc2
b6 9. d4 cxd4 10. cxd5 exd5 11. Nxd4 Bb7 12. Rd1 Rc8 13. Qf5 Qc7 14. Nc3 g6 15.
Qh3 a6 16. Rac1 Qb8 17. Ne6 fxe6 18. Qxe6+ Rf7 19. Nxd5 Bxd5 20. Bxd5 Nxd5 21.
Qxd5 Rxc1 22. Bxc1 Bc5 23. Bf4 Qe8 24. e3 Nf6 25. Qc4 a5 26. Bc7 Kg7 27. Rd8
Qe4 28. Qxe4 Nxe4 29. Be5+ Kh6 30. f4 Bxe3+ 31. Kg2 Bc5 32. Kf3 Nf6 33. g4 Nd7
34. Bb2 Nf8 35. Rd3 Rd7 36. Ke4 Rxd3 37. Kxd3 Ne6 38. Ke4 Bg1 39. h3 Bh2 40.
Bc1 Kg7 41. Be3 Nc5+ 42. Kd5 a4 43. b4 Nd3 44. b5 Nb4+ 45. Ke6 Nxa2 46. f5 gxf5
47. gxf5 Be5 48. Kxe5 Kf7 49. Bd2 Ke7 50. f6+ Kf7 51. Kf5 h6 52. h4 h5 53. Ke5
a3 54. Kf5 1-0

[Event "4NCL/Div3/BRI2 vs. SBS"]
[Site "Hinckley Island ENG"]
[Date "2010.02.21"]
[Round "6.1"]
[White "Curtis, John E"]
[Black "Ruston, Mark R"]
[Result "1/2-1/2"]
[WhiteElo "2106"]
[BlackElo "2099"]
[PlyCount "44"]
[EventDate "2010.02.21"]
[SourceDate "2009.10.24"]

1. d4 e6 2. Nd2 d5 3. Ngf3 Nf6 4. e3 Bd6 5. Bd3 Nbd7 6. O-O O-O 7. c4 c5 8. b3
b6 9. Bb2 Bb7 10. Ne5 Ne4 11. f4 f5 12. Ndf3 Ndf6 13. Qe2 Qe8 14. Rfd1 Qh5 15.
Rac1 h6 16. Ne1 Qxe2 17. Bxe2 g5 18. N1d3 cxd4 19. Bxd4 Ba3 20. Rc2 Rac8 21.
Bb2 Bxb2 22. Nxb2 dxc4 1/2-1/2

[Event "4NCL/Div3/BRI2 vs. SBS"]
[Site "Hinckley Island ENG"]
[Date "2010.02.21"]
[Round "6.2"]
[White "Purton, Ben J"]
[Black "Collier, David O"]
[Result "1-0"]
[WhiteElo "2150"]
[BlackElo "2118"]
[PlyCount "47"]
[EventDate "2010.02.21"]
[SourceDate "2009.10.24"]

1. e4 c6 2. d4 d5 3. e5 Bf5 4. Nc3 e6 5. g4 Bg6 6. Nge2 f6 7. Nf4 Bf7 8. exf6
gxf6 9. Qe2 Qe7 10. Nd3 Nd7 11. f4 O-O-O 12. h4 h6 13. Bh3 Kb8 14. b4 Re8 15.
b5 e5 16. dxe5 fxe5 17. bxc6 bxc6 18. O-O Qxh4 19. Qh2 e4 20. Ne5 Bc5+ 21. Kh1
Nxe5 22. fxe5 Be6 23. Na4 Bb6 24. Bf4 {scoresheets illegible sco} 1-0

[Event "4NCL/Div3/BRI2 vs. SBS"]
[Site "Hinckley Island ENG"]
[Date "2010.02.21"]
[Round "6.3"]
[White "Humphreys, Jerry G"]
[Black "Makepeace, Philip J"]
[Result "1/2-1/2"]
[WhiteElo "2082"]
[BlackElo "2041"]
[PlyCount "26"]
[EventDate "2010.02.21"]
[SourceDate "2009.10.24"]

1. e4 c6 2. d4 d5 3. Nc3 dxe4 4. Nxe4 h6 5. Nf3 Bf5 6. Ng3 Bh7 7. Bd3 Bxd3 8.
Qxd3 Nf6 9. O-O e6 10. Re1 Be7 11. c4 Qc7 12. Bd2 Nbd7 13. Rad1 O-O-O 1/2-1/2

[Event "4NCL/Div3/BRI2 vs. SBS"]
[Site "Hinckley Island ENG"]
[Date "2010.02.21"]
[Round "6.5"]
[White "Hardy, Roger"]
[Black "McCullough, Simon L"]
[Result "1/2-1/2"]
[WhiteElo "1999"]
[BlackElo "1986"]
[PlyCount "58"]
[EventDate "2010.02.21"]
[SourceDate "2009.10.24"]

1. e4 c5 2. Nf3 g6 3. c4 Bg7 4. d4 cxd4 5. Nxd4 Nc6 6. Nc2 d6 7. Be2 Nf6 8. Nc3
O-O 9. O-O b6 10. Bd2 Bb7 11. b3 Nd7 12. Rb1 Nc5 13. Be1 Bxc3 14. Bxc3 Nxe4 15.
Ba1 e6 16. Ne3 f5 17. f3 Nf6 18. Qd2 Qe7 19. Rbd1 Rad8 20. Qc3 e5 21. Nc2 Nh5
22. f4 Nf6 23. Bf3 e4 24. Be2 Bc8 25. Ne3 Be6 26. h3 h5 27. g4 hxg4 28. hxg4
fxg4 29. Kg2 b5 1/2-1/2